000 00601nam a2200193 i 4500
001 80852
003 ES-MaACL
005 20231204183644.0
007 t|
008 041029s1966 sp ||||1| spa d
100 1 _aHoria, Vintila (
_d1915-1992)
_964193
245 1 4 _aLos imposibles /
_cVintila Horia ; [traducido del francés por Rafael Vázquez Zamora].
250 _a[1ª ed.].
260 _aBarcelona :
_bDestino,
_c[1966]
300 _a170 p. ;
_c19 cm.
700 1 _aVázquez Zamora, Rafael,
_d1911-1972
_9113498
852 _aES-MaACL
_jC-31928
_bR.62255
999 _c80852
_d80852